රොබන්සන් කෘෘසෝ/

Saved in:
Bibliographic Details
Main Author: Defoe, Daniel
Other Authors: පෙරේරා, සෝමා ටී (රොබින්සන් කෲසෝ)
Format: Book
Language:English
Sinhalese
Published: කොළඹ 11 : සුසර,
Subjects:
Tags: Add Tag
No Tags, Be the first to tag this record!

MARC

LEADER 00000nam a22000007a 4500
003 LK-RuCL
005 20260409092837.0
008 260409b |||||||| |||| 00| 0 eng d
020 |a 9789556763478 
040 |a LK-RuCL  |b sin  |d LK-RuCL 
041 |a sin 
082 |2 23  |a 823  |b Def 
100 |a Defoe, Daniel 
130 |a ROBINSON CRUSOE/ 
245 |a රොබන්සන් කෘෘසෝ/  |c සෝමා.ටී.පෙරේරා 
260 |a කොළඹ 11 :  |b සුසර,  |g 2013 
300 |a පි. 80 :  |b සචිත්‍ර ;  |c සෙ.මි.21 
650 0 |a ඉංග්‍රීසි ප්‍රබන්ධ  
700 |a පෙරේරා, සෝමා ටී.  |e රොබින්සන් කෲසෝ 
942 |c LBK 
999 |c 14271  |d 14271